000 00280 a2200145 4500
001 180009
020 _a
040 _cMagnum
100 _aNaufer
240 1 0 _aJoao mata-sete
_lpor
245 1 0 _aJoao mata-sete
362 0 _a1899
697 _aMAGNITO: I/CONTO
942 _cBK
999 _c180009
_d180009